000
00230 a2200097 4500
001
54999
100
_a
Ashfaq Ahmed
245
_a
Aashiany ( Talqeen shah)
260
_a
lahore
_b
Sange meel Pub, Lahore
_c
2007
090
_c
34097
_d
34097
942
_a
NUST-CAE
_c
_c
26777
999
_c
290072
_d
290072